000 00992nam a22003737a 4500
001 BR0700141
003 BR-BrBNA
005 20230928102317.0
007 ta
008 230509b bl.||||| |||| 00| 0 por d
040 _aBR-BrBNA
_bpor
_cBiblioteca Nacional de Agricultura
041 _a(Por)
072 _aE14; B50
090 _ E14 BR0700141
100 1 _aMendes, B.V.
245 1 _aReflexões sobre o nordeste
_bColeção Mossoroense, Série C; v. 1358
260 3 _aMossoró, RN (Brasil):
_c2003.
300 _a107 p.
500 _a20 ref.; 23 illus.
650 _aDESENVOLVIMENTO SÓCIO-ECONÔMICO
650 _aPROJETO DE DESENVOLVIMENTO
650 _aAGRICULTURA
650 _aPECUÁRIA
650 _aENERGIA
650 _aEDUCAÇÃO
650 _aREFORMA AGRÁRIA
650 _aTURISMO
650 _aTECNOLOGIA
650 _aPRODUÇÃO ANIMAL
650 _aNORDESTE
650 _aZONA SEMI-ARIDA
909 _a202309
_bLucia
_c55
_dLucia Elande
942 _cBK
999 _c70121
_d70121